Sensus litteralis, moralis ac historicus rituum ac caeremoniarum missae, ad mentem rubricarum breviarii et missalis, necnon decretorum S. R. C.

Detalles Bibliográficos
Autor principal: Romsée, Tossanus-Josephus
Formato: Libro
Lenguaje:Latin
Publicado: Mechliniae 1838
Edición:Editio nova a sacrae theologiae professore accuratè revisa, nec non vitâ auctoris variisque notis illustrata
Serie editorial:Opera liturgica
Materias:
Colección:Banco de datos
Acervo:Biblioteca de la Congregación del Oratorio de San Felipe Neri de México. Iglesia La Profesa
Descripción Física:t. 17 cm.
Tema general:Liturgia
Notas:Encuadernación en piel sobre cartón (2236, 4554, 4790). Sello en tinta del Oratorio de San Felipe Neri de México. Biblioteca La Profesa, D.F. (2236, 4554, 4790)
LEADER 01146nam a22002050004500
035 |a 1360 
041 0 |a lat 
100 1 |a Romsée, Tossanus-Josephus 
245 1 0 |a Sensus litteralis, moralis ac historicus rituum ac caeremoniarum missae, ad mentem rubricarum breviarii et missalis, necnon decretorum S. R. C.  |c studio et opere R. D. Tossani-Josephi Romsée, presbyteri, et quondam sacrorum rituum in Seminario Leodiensi professoris  
250 |a Editio nova a sacrae theologiae professore accuratè revisa, nec non vitâ auctoris variisque notis illustrata 
260 |a Mechliniae  |b P. J. Hanicq, typogr. Archiep. Mechl.  |c 1838 
300 |a  t.  |c 17 cm. 
440 0 |a Opera liturgica 
500 |a Encuadernación en piel sobre cartón (2236, 4554, 4790). Sello en tinta del Oratorio de San Felipe Neri de México. Biblioteca La Profesa, D.F. (2236, 4554, 4790) 
504 |a Índice de capítulos y artículos 
650 1 0 |a Liturgia 
949 |a Iglesia La Profesa, Biblioteca t. 4 (2236, 4554, 4790) 
942 |c PROFESA 
943 |g Biblioteca de la Congregación del Oratorio de San Felipe Neri de México. Iglesia La Profesa 
999 |c 948171  |d 948171